000 00535nam a2200217Ia 4500
003 OSt
005 20221005120511.0
006 a|||||r|||| 00| 0
007 ta
008 221004b |||||||| |||| 00| 0 eng d
024 _a119382
037 _cTextual
040 _aCRL
_cCRL
_beng
041 _2eng
_aeng
100 _aNussbaum A
_9629261
245 0 _aElectronic and maosnetic behavier of materials
260 _c1967
650 _aELECTRICAL ENGINEERING
942 _cTEXL
_2cc
999 _c1038279
_d1038279